000 00380pab a2200145 454500
008 180718b1990 xxu||||| |||| 00| 0 eng d
100 _aRam, G.S.
245 _aRural industrialisation - a perspective
260 _c1990
300 _a29-33
362 _aMar.& Apr.
650 _aIndustrialisation
773 _aMonthly Commentary on Indian Economic Conditions
909 _a10860
999 _c10860
_d10860